| 000 | 00559nam a2200217 a 4500 | ||
|---|---|---|---|
| 999 |
_c8792 _d8792 |
||
| 001 | 8792 | ||
| 003 | BD-JhCC | ||
| 005 | 20180304091444.0 | ||
| 008 | 180304s1961 e |||| || | 001 0 eng d | ||
| 035 | _a(BD-JhCC)8792 | ||
| 040 |
_aBD-JhCC _dBD-JhCC |
||
| 041 | _aeng | ||
| 082 |
_a808 _bWAR 1961 |
||
| 100 | _aWarner, Alan | ||
| 245 |
_aA Short Guide to English Style / _cAlan Warner, |
||
| 260 |
_aLondon : _bOxford University Press, _c1961 |
||
| 300 |
_a198 p. : _c22 cm. |
||
| 650 |
_aEnglish Language _xRhetoric |
||
| 942 |
_2ddc _cBK |
||